Biblioteca

Diccionario Conciso Griego - Español del Nuevo Testamento / Elsa Tamez (Registro nro. 44647)

Detalles MARC
000 -LÍDER
Campo fijo de descripción fija 006240000a22002050004500
020 ## - NÚMERO INTERNACIONAL NORMALIZADO PARA LIBROS
Número Internacional Normalizado del libro 978-3-438-06005-1
041 0# - CÓDIGO DE IDIOMA
Código de idioma para texto/pista de sonido o título separado
082 04 - NÚMERO DE CLASIFICACIÓN DECIMAL DEWEY
Número de clasificación G 487.4 T157d
001 - NÚMERO DE CONTROL
Campo de control 18175
100 1# - ASIENTO PRINCIPAL--NOMBRE PERSONAL
Nombre personal Tamez , Elsa
245 10 - TÍTULO
Título del Material Diccionario Conciso Griego - Español del Nuevo Testamento / Elsa Tamez
260 ## - PUBLICACIÓN, DISTRIBUCIÓN, ETC. (PIE DE IMPRENTA)
Lugar de publicación, distribución, etc. Stuttgart, Germany : Deutsche Bibelgesellsschaft
300 ## - DESCRIPCIÓN FÍSICA
Extensión 200 p.
336 ## - CONTENT TYPE
Content type term texto
Content type code txt
Source rdacontent
337 ## - MEDIA TYPE
Source rdamedia
Media type term sin mediación
Media type code n
338 ## - CARRIER TYPE
Source rdacarrier
Carrier type term volumen
Carrier type code nc
501 ## - NOTA DE “CON”
Nota de Contenido rústico
650 14 - ASIENTO SECUNDARIO DE MATERIA - TERMINO TEMÁTICO
Término temático o nombre geográfico como elemento de entrada BIBLIA N.T. - GRIEGO - DICCIONARIO \ BIBLIA N.T. - TEXTOS ORIGINALES - GRIEGO
942 ## - TIPO DE MATERIAL (KOHA)
Tipo de Item KOHA Libros General
Existencias
Estado de Material Estado de Perdido Estado de Dañado No para Préstamo Colección Tomo Biblioteca de Origen Biblioteca Permanente Fecha de Adquisición Total de Préstamos Total de Renovaciones Signatura Topográfica Código de Barras Última vez visto Última vez Préstado Ejemplar/Existencia Fecha de Remplazo Tipo de Material
        Colección General   Biblioteca FUSBC Biblioteca FUSBC 27/03/2014 16 4 G 487.4 T157d 18147 01/08/2024 19/08/2023 1 26/01/2016 Libros General

Biblioteca FUSBC | Teléfono: (57+4) 349 88 10 Ext. 141| WhatsApp (+57) 3005338115 
E-mail: biblioteca@unisbc.edu.co | Calle 76 87-14 Robledo Palenque, Medellín, Colombia

Con tecnología Koha